Todos os personagens de Vingadores - Statistics

Estatísticas Gerais
  • Esse quiz foi jogado 708 vezes
  • A pontuação média é 28 de 75
Estatísticas das Respostas
Núcleo Personagem % Correto
Homem de Ferro Tony Stark
98%
Hulk Bruce Banner
91%
Capitão América Steve Rogers
87%
Homem Aranha Peter Parker
86%
Thor Thor
86%
Loki
80%
Natasha Romanoff
79%
Gamora
78%
Groot
78%
Homem Formiga e a Vespa Scott Lang
77%
Pantera Negra T'Challa
77%
Doutor Estranho Dr. Stephen Strange
76%
Guardiões da Galáxia Peter Quill
73%
Hope van Dyne
70%
James Buchanan "Bucky" Barnes
68%
Thanos
68%
Odin
66%
Drax, o Destruidor
64%
Rocket Raccoon
64%
Clinton Francis "Clint" Barton
63%
Michelle "MJ" Jones
62%
Virginia "Pepper" Potts
60%
Wanda Maximoff
59%
Visão
51%
Sam Wilson
50%
Nebulosa
49%
Ultron
47%
James "Rhodey" Rhodes
45%
Pietro Maximoff
45%
May Parker
44%
Caveira Vermelha
41%
Peggy Carter
41%
Ned Leeds
40%
Mantis
39%
Harold "Happy" Hogan
38%
Jane Foster
37%
Todos Nicky Fury
32%
Hela
31%
Wong
31%
Adrian "Abutre" Toomes
29%
‎Hank Pym‎
29%
Anciã
27%
Valquíria
27%
Erik "Killmonger" Stevens
22%
Yondu Udonta
22%
Vingadores Maria Hill
21%
Okoye
21%
Flash Thompson
20%
Heimdall
20%
Ego, o Planeta Vivo
19%
Colecionador
16%
Jaqueta Amarela
15%
Phillip J. "Phil" Coulson
14%
Frigga
13%
Janet van Dyne
12%
Sharon Carter
12%
Elizabeth "Liz" Allen
11%
Karl Mordo
11%
M'Baku
10%
Dra. Christine Palmers
9%
Luís
9%
Dr. Arnim Zola
8%
Nakia
8%
Zuri
8%
Erik Selvig
7%
Everett Ross
7%
Grão-Mestre
7%
Kaecilius
7%
Brock Rumlow
6%
Ramonda
6%
Dra. Helen Cho
5%
W'Kabi
4%
Ulysses Klaue
3%
Eitri
2%
Skurge
2%
Nenhum quiz correspondente encontrado
Distribuição das Pontuações
Porcentagem de Pessoas com Cada Pontuação
Percentil de Números Respondidos
Sua Pontuação Histórica
Você não jogou esse quiz